| 000 | 00526nam a2200157 i 4500 | ||
|---|---|---|---|
| 001 | 42774 | ||
| 003 | ES-MaACL | ||
| 007 | t| | ||
| 008 | 030314s1985 sp ||||1| spa d | ||
| 100 | 1 |
_aCeresuela Puche, Antonio. _937488 |
|
| 245 | 1 | 0 |
_aRehabilitación ambiental con métodos tradicionales / _cAntonio Ceresuela Puche. |
| 260 |
_aMadrid : _bColegio Oficial de Arquitectos, _c1985. |
||
| 300 |
_a119 p. : _bil. ; _c30 cm. |
||
| 710 | 2 |
_aColegio Oficial de Arquitectos de Madrid. _92958 |
|
| 852 |
_aES-MaACL _jL-9444 _bR.111372 |
||
| 999 |
_c42774 _d42774 |
||